000 00544nam a2200205 a 4500
005 20210219153143.0
008 991125n 000 0 spa u
035 _aUPN01000080642
100 _aD'ANGELO, Estela
222 _aLA EDUCACION EN LOS PRIMEROS AÑOS
245 _aLas cogniciones sociales
260 _aBuenos Aires, Argentina
300 _a54-69
362 _a1999 Año 2, no. 14, jul.
653 0 _aPSICOLOGIA EVOLUTIVA
653 0 _aINTERACCION SOCIAL
653 0 _aNIÑOS
904 _aAC
_b018453
905 _aArticulo
999 _c69613
_d69613